|
|
|
|
| LEADER |
00933nam a2200241 a 4500 |
| 001 |
1107132 |
| 008 |
130320s1993 caua b 000 0 eng d |
| 010 |
|
|
|a 93025555
|
| 020 |
|
|
|a 0803947534 (cl)
|
| 020 |
|
|
|a 0803947542 (pb)
|
| 040 |
|
|
|a DLC
|c DLC
|d DLC
|d BD-DhAAL
|
| 082 |
0 |
0 |
|a 302.2
|2 20
|
| 100 |
1 |
|
|a Riessman, Catherine Kohler,
|d 1939-
|
| 245 |
1 |
0 |
|a Narrative analysis /
|c Catherine Kohler Riessman.
|
| 260 |
|
|
|a Newbury Park, CA :
|b Sage Publications,
|c c1993.
|
| 300 |
|
|
|a vii, 79 p. :
|b ill. ;
|c 23 cm.
|
| 490 |
1 |
|
|a Qualitative research methods ;
|v v. 30
|
| 504 |
|
|
|a Includes bibliographical references (p. 71-78).
|
| 541 |
|
|
|e 00026738
|
| 650 |
|
0 |
|a Discourse analysis, Narrative.
|
| 852 |
1 |
|
|a Ayesha Abed Library
|c General shelf.
|
| 999 |
|
|
|c 13252
|d 13252
|
| 952 |
|
|
|0 0
|1 0
|2 ddc
|4 0
|6 302_200000000000000_RIE
|7 0
|9 22089
|a JPGSPH
|b JPGSPH
|d 2013-03-23
|e Karim International
|g 1800.00
|l 0
|o 302.2 RIE
|p 3060026738
|r 2013-03-23
|t 1
|w 2013-03-23
|y BK
|